<?xml version="1.0" encoding="UTF-8"?>
<record
    xmlns:xsi="http://www.w3.org/2001/XMLSchema-instance"
    xsi:schemaLocation="http://www.loc.gov/MARC21/slim http://www.loc.gov/standards/marcxml/schema/MARC21slim.xsd"
    xmlns="http://www.loc.gov/MARC21/slim">

  <leader>00335nam a2200145Ia 4500</leader>
  <controlfield tag="008">150201s2010    xx            000 0 und d</controlfield>
  <datafield tag="082" ind1=" " ind2=" ">
    <subfield code="a">621.38195</subfield>
    <subfield code="b">C10T</subfield>
  </datafield>
  <datafield tag="100" ind1=" " ind2=" ">
    <subfield code="a">THACKER , NAVEEN</subfield>
  </datafield>
  <datafield tag="245" ind1=" " ind2=" ">
    <subfield code="a">COMPUTER FOR NURSES</subfield>
  </datafield>
  <datafield tag="250" ind1=" " ind2=" ">
    <subfield code="a">1ST</subfield>
  </datafield>
  <datafield tag="260" ind1=" " ind2=" ">
    <subfield code="b">JAYPEE</subfield>
    <subfield code="a">DELHI</subfield>
    <subfield code="c">2010</subfield>
  </datafield>
  <datafield tag="300" ind1=" " ind2=" ">
    <subfield code="a">142</subfield>
  </datafield>
  <datafield tag="650" ind1=" " ind2=" ">
    <subfield code="a">COMPUTER</subfield>
  </datafield>
  <datafield tag="942" ind1=" " ind2=" ">
    <subfield code="2">ddc</subfield>
    <subfield code="c">BK</subfield>
    <subfield code="0">4</subfield>
  </datafield>
  <datafield tag="952" ind1=" " ind2=" ">
    <subfield code="0">0</subfield>
    <subfield code="1">0</subfield>
    <subfield code="2">ddc</subfield>
    <subfield code="4">0</subfield>
    <subfield code="7">0</subfield>
    <subfield code="8">NURSING</subfield>
    <subfield code="a">FM</subfield>
    <subfield code="b">FM</subfield>
    <subfield code="c">TXT</subfield>
    <subfield code="d">2013-01-28</subfield>
    <subfield code="e">NBM DELHI</subfield>
    <subfield code="g">250.00</subfield>
    <subfield code="i">SGTU</subfield>
    <subfield code="l">1</subfield>
    <subfield code="o">621.38195 C10T</subfield>
    <subfield code="p">FN871</subfield>
    <subfield code="r">2016-12-23 00:00:00</subfield>
    <subfield code="s">2016-12-05</subfield>
    <subfield code="w">2013-01-28</subfield>
    <subfield code="y">BK</subfield>
    <subfield code="k">1345</subfield>
  </datafield>
  <datafield tag="952" ind1=" " ind2=" ">
    <subfield code="0">0</subfield>
    <subfield code="1">0</subfield>
    <subfield code="2">ddc</subfield>
    <subfield code="4">0</subfield>
    <subfield code="7">0</subfield>
    <subfield code="8">NURSING</subfield>
    <subfield code="a">FM</subfield>
    <subfield code="b">FM</subfield>
    <subfield code="c">TXT</subfield>
    <subfield code="d">2013-01-28</subfield>
    <subfield code="e">NBM DELHI</subfield>
    <subfield code="g">250.00</subfield>
    <subfield code="i">SGTU</subfield>
    <subfield code="l">2</subfield>
    <subfield code="o">621.38195 C10T</subfield>
    <subfield code="p">FN872</subfield>
    <subfield code="r">2022-06-28 00:00:00</subfield>
    <subfield code="s">2022-06-20</subfield>
    <subfield code="w">2013-01-28</subfield>
    <subfield code="y">BK</subfield>
    <subfield code="k">1345</subfield>
  </datafield>
  <datafield tag="952" ind1=" " ind2=" ">
    <subfield code="0">0</subfield>
    <subfield code="1">0</subfield>
    <subfield code="2">ddc</subfield>
    <subfield code="4">0</subfield>
    <subfield code="7">0</subfield>
    <subfield code="8">NURSING</subfield>
    <subfield code="a">FM</subfield>
    <subfield code="b">FM</subfield>
    <subfield code="c">TXT</subfield>
    <subfield code="d">2013-01-28</subfield>
    <subfield code="e">NBM DELHI</subfield>
    <subfield code="g">250.00</subfield>
    <subfield code="i">SGTU</subfield>
    <subfield code="l">1</subfield>
    <subfield code="o">621.38195 C10T</subfield>
    <subfield code="p">FN873</subfield>
    <subfield code="r">2021-03-03 00:00:00</subfield>
    <subfield code="s">2021-03-02</subfield>
    <subfield code="w">2013-01-28</subfield>
    <subfield code="y">BK</subfield>
    <subfield code="k">1345</subfield>
  </datafield>
  <datafield tag="952" ind1=" " ind2=" ">
    <subfield code="0">0</subfield>
    <subfield code="1">0</subfield>
    <subfield code="2">ddc</subfield>
    <subfield code="4">0</subfield>
    <subfield code="7">0</subfield>
    <subfield code="8">NURSING</subfield>
    <subfield code="a">FM</subfield>
    <subfield code="b">FM</subfield>
    <subfield code="c">TXT</subfield>
    <subfield code="d">2013-01-28</subfield>
    <subfield code="e">NBM DELHI</subfield>
    <subfield code="g">250.00</subfield>
    <subfield code="i">SGTU</subfield>
    <subfield code="l">3</subfield>
    <subfield code="o">621.38195 C10T</subfield>
    <subfield code="p">FN874</subfield>
    <subfield code="r">2024-07-24 00:00:00</subfield>
    <subfield code="s">2024-07-22</subfield>
    <subfield code="w">2013-01-28</subfield>
    <subfield code="y">BK</subfield>
    <subfield code="k">1345</subfield>
  </datafield>
  <datafield tag="952" ind1=" " ind2=" ">
    <subfield code="0">0</subfield>
    <subfield code="1">0</subfield>
    <subfield code="2">ddc</subfield>
    <subfield code="4">0</subfield>
    <subfield code="7">0</subfield>
    <subfield code="8">NURSING</subfield>
    <subfield code="a">FM</subfield>
    <subfield code="b">FM</subfield>
    <subfield code="c">TXT</subfield>
    <subfield code="d">2013-01-28</subfield>
    <subfield code="e">NBM DELHI</subfield>
    <subfield code="g">250.00</subfield>
    <subfield code="i">SGTU</subfield>
    <subfield code="l">4</subfield>
    <subfield code="o">621.38195 C10T</subfield>
    <subfield code="p">FN875</subfield>
    <subfield code="r">2021-10-20 00:00:00</subfield>
    <subfield code="s">2021-10-14</subfield>
    <subfield code="w">2013-01-28</subfield>
    <subfield code="y">BK</subfield>
    <subfield code="k">1345</subfield>
  </datafield>
  <datafield tag="999" ind1=" " ind2=" ">
    <subfield code="c">2097</subfield>
    <subfield code="d">2097</subfield>
  </datafield>
</record>
